Normal view
MARC view
- التأمين -- قوانين -- تشريعات
Entry Topical Term
001 - CONTROL NUMBER
- control field: 46785
003 - CONTROL NUMBER IDENTIFIER
- control field: JO-AjAnu
005 - DATE AND TIME OF LATEST TRANSACTION
- control field: 20230606081729.0
008 - FIXED-LENGTH DATA ELEMENTS
- fixed length control field: 230606|| aca||aabn | a|a d
040 ## - CATALOGING SOURCE
- Original cataloging agency: JO-AjAnu
- Transcribing agency: JO-AjAnu
150 ## - HEADING--TOPICAL TERM
- Topical term or geographic name entry element: التأمين -- قوانين -- تشريعات
670 ## - SOURCE DATA FOUND
- Source citation: Work cat.: (JO-AjAnu)23946: إعداد محمد يوسف صالح الزعبي؛ إشراف عبد الودود يحيى، يوسف قاسم, author 46784, عقد التأمين: دراسة مقارنة بين القانون الوضعي والفقه الإسلامي